00541nam a2200193Ia 4500008004100000041001200041082001200053100001400065245005400079260003800133300000900171365000800180520001300188546001200201630005400213650001300267655001300280730005400293101110s9999 xx 000 0 und d aENGLISH bSR28968 aRawat D.S aAdvanced Accounting (Finacial Acc.) 9th Ed. Vol-1 c2006bTaxmann Allied Service, New a1062 b225 aCommerce aENGLISH aAdvanced Accounting (Finacial Acc.) 9th Ed. Vol-1 aCommerce aCommerce aAdvanced Accounting (Finacial Acc.) 9th Ed. Vol-1